Normal view
MARC view
- John D Goes
Entry Personal Name
001 - CONTROL NUMBER
- control field: 125756
003 - CONTROL NUMBER IDENTIFIER
- control field: NUST
005 - DATE AND TIME OF LATEST TRANSACTION
- control field: 20240910135355.0
008 - FIXED-LENGTH DATA ELEMENTS
- fixed length control field: 240910|| aca||aabn | a|a d
040 ## - CATALOGING SOURCE
- Original cataloging agency: NUST
- Transcribing agency: NUST
100 ## - HEADING--PERSONAL NAME
- Personal name: John D Goes
670 ## - SOURCE DATA FOUND
- Source citation: Work cat.: (NUST): John D Goes, 3 D Programming with C++, 2000.
